000
00228 a2200097 4500
001
17057
100
_a
Carre, John Le
245
_a
SP Who came in form the cold
260
_a
London
_b
William Heinemann
_c
090
_c
12721
_d
12721
942
_a
NUST-CAE
_c
M
_c
3027
999
_c
252130
_d
252130